| 000 | 01880cam a2200193 4500500 | ||
|---|---|---|---|
| 005 | 20260322004110.0 | ||
| 041 | _afre | ||
| 042 | _adc | ||
| 100 | 1 | 0 |
_aHer, Thomas _eauthor |
| 700 | 1 | 0 |
_aLicu, Alexandra _eauthor |
| 700 | 1 | 0 |
_aVilhem, Steve _eauthor |
| 245 | 0 | 0 | _aLa parentalité : un concept pluriel dans un monde en mutation |
| 260 | _c2026. | ||
| 500 | _a54 | ||
| 520 | _aUn an après sa labellisation Science avec et pour la société (SAPS), par le ministère de l’Enseignement supérieur et de la Recherche, l’Université Bordeaux Montaigne propose un point d’étape sous la forme d’un retour d’expérience. Coordonné avec la politique de la recherche de l’établissement, le label SAPS a permis une structuration nouvelle afin de construire une culture commune de la médiation. De l’accompagnement d’initiatives existantes à la création d’outils, ressources et nouveaux dispositifs à destination de la communauté scientifique, la labellisation SAPS s’affirme, sur cette première année, comme un vecteur de transformation culturelle de l’université. | ||
| 520 | _aOne year after receiving the Science with and for Society (SAPS) label from the Ministry of Higher Education and Research, University Bordeaux Montaigne is offering an update in the form of a feedback report. Coordinated with the institution’s research policy, the SAPS label has enabled a new structure to be put in place in order to build a common culture of mediation. From supporting existing initiatives to creating tools, resources and new mechanisms for the scientific community, the SAPS label has established itself, in its first year, as a vehicle for cultural transformation at the university. | ||
| 786 | 0 | _nDossiers Cairn | - | 12 | 2026-02-25 | p. 1-1 | |
| 856 | 4 | 1 | _uhttps://shs.cairn.info/dossier-2025-83-page-1?lang=fr&redirect-ssocas=7080 |
| 999 |
_c1737391 _d1737391 |
||